[Event "NED-ch57"]
[Site "Leeuwarden"]
[Date "2002.06.22"]
[Round "3"]
[White "Tiviakov, Sergei"]
[Black "Van den Doel, Erik"]
[Result "1-0"]
[WhiteElo "2625"]
[BlackElo "2583"]
[Annotator "Postny,E"]
[PlyCount "83"]
[EventDate "2002.06.20"]
[EventType "tourn"]
[EventRounds "9"]
[EventCountry "NED"]
[EventCategory "13"]
[SourceTitle "CBM 090"]
[Source "ChessBase"]
[SourceDate "2002.09.20"]
[SourceVersion "1"]
[SourceVersionDate "2002.09.20"]
[SourceQuality "1"]

1. e4 e5 2. Nf3 Nc6 3. d4 exd4 4. Nxd4 Bc5 5. Nxc6 Qf6 6. Qd2 dxc6 7. Nc3 Qe7 {
The Morozevich's patent gained popularity nowadays.} 8. Qg5 ({As practice
shows the alternative} 8. Bd3 {is less problemative for black.}) 8... Nf6 (8...
Bd4 {- see the game Van der Wiel,J-Korneev,O/Elgoibar 1998/CBM 69 [Mikhalevski,
V]}) 9. Be3 Bd6 $1 10. Bd4 (10. Be2 $146 {- Motylev,A-Ivanchuk,V/FIDE GP
Moscow rapid 2002/CBM 90 [Postny]}) 10... O-O (10... Rg8 $5 {- see the game
Mellado Trivino,J-Korneev,O/Elgoibar 1998/CBM 69 [Mikhalevski,V]}) 11. O-O-O h6
12. Qh4 b5 $146 ({A few rounds earlier Van den Doel played} 12... Ng4 {and got
a slightly worse endgame. I guess, Tiviakov was ready for this.}) 13. Bd3 (13.
Bxf6 $143 Qxf6 14. Qxf6 gxf6 15. Bd3 a6 {[%cal Yc6c5,Yc5c4]} 16. Ne2 c5 17. Ng3
(17. c4 $6 Be6 18. b3 Rfb8 19. Kc2 bxc4 20. Bxc4 Bxc4 21. bxc4 Rb4 $15) 17...
c4 $132) 13... Nd7 14. Qxe7 Bxe7 15. f4 Nc5 16. Bxc5 ({Comes into consideration
} 16. f5 $5 {(a similar idea will be realized a few moves later)} Re8 17. Rhe1
b4 18. Bxc5 Bxc5 19. Nb1 $14) 16... Bxc5 17. Rhe1 f6 (17... Bf2 $5 18. Rf1 (18.
Re2 Bd4 19. f5 $11) 18... Bd4 19. Ne2 Be3+ 20. Kb1 Bg4 21. h3 Bxe2 22. Bxe2
Rad8 $11) 18. f5 $1 $14 {[%mdl 4128] A remarkable move. This move looks
completely anti-positional in first glance, because it gives away the e5
square to black's position forever. However there some hidden pluses in this
move as well, namely: it severely restricts the black light squared B and in
general takes control of some important white squares. Two classical games are
immediatly come to mind, where this strategic device took place:
Lasker-Capablanca/1914 and Fischer-Unzicker/1970 (White won in both these
games).These games started from the exchange variation in the Rui Lopez
defense, but the pawn structure was the same.} Bd6 19. g3 Re8 20. Ne2 $1 {
Transfering the N to better pastures.} Bd7 21. Nf4 c5 22. c4 {This move is
necessary for white to prevent the only black's counterplay. However white has
not many active possibilities either.} a6 23. Kc2 Bc6 24. Ne6 (24. Re2 $5)
24... Re7 25. Rd2 Rae8 26. Rde2 Rxe6 $5 {[%mdl 512] Probably the best
practical decision, but this sacrifice should not be overestimated. Black is
fighting for a draw anyway.} (26... Bd7 27. Nf4 Be5 (27... Bc6 $2 28. Ng6 Rd7
29. e5 $16) 28. Ng6 Rf7 29. g4 {[%cal Yh2h4,Yg4g5] Black's position is
unpleasant.}) 27. fxe6 Be5 28. Rd2 Rxe6 (28... Kf8 $142) 29. cxb5 axb5 30. a4
$1 {[%cal Gc4g8]} bxa4 $2 {This is just too much!} (30... c4 31. Bf1 Re8 32.
axb5 Bxb5 33. Ra1 Rb8 {White has only slight advantage.}) 31. Bc4 Kf7 32. Bxe6+
Kxe6 33. Rd8 {The advantage of two exchanges should be enough for a win.
However the winning process is far from easy. White should find the right
moment to sacrifice one of his exchanges and get a winning endgame with an
exchange up.} Bd6 34. Rg8 Kf7 35. Rb8 Ke6 36. Kd3 Ke5 $2 {This "active" move
simplifies the winning process for white. After a waiting move like 36...Kf7,
white's win is still far from easy.} ({The possible variation might be the
following:} 36... Kf7 37. Kc4 $1 {Probably the best idea.} Ke6 38. Re2 Kf7 39.
Rb5 $1 {The point of 37.Kc4.} Bxb5+ 40. Kxb5 Ke6 $1 41. Rc2 $1 (41. Kxa4 Ke5
42. Kb5 Kd4 $1) 41... h5 (41... Ke5 42. Rc4) 42. Kxa4 g5 43. Kb5 f5 44. exf5+
Kxf5 45. Rc4 g4 46. Kc6 Kg5 {[%cal Gh5h4]} {[%tqu "En","...and now just a
little calculation is required....","","","c4c5","",5]} 47. Rxc5+ $1 Bxc5 48.
Kxc5 Kf5 49. Kc6 Ke4 50. Kxc7 Kf3 51. b4 Kg2 52. b5 Kxh2 53. b6 h4 54. b7 $18)
37. Rg8 g5 38. Rh8 {[%csl Rh6] winning the pawn and the game.} Bb5+ 39. Kc3 Ke6
40. Rxh6 Be5+ 41. Kc2 c4 42. Rh8 {[%csl Gh2]} 1-0

[Event "NED-ch57"]
[Site "Leeuwarden"]
[Date "2002.06.20"]
[Round "1"]
[White "Van der Wiel, John"]
[Black "Van den Doel, Erik"]
[Result "0-1"]
[WhiteElo "2509"]
[BlackElo "2583"]
[Annotator "Postny,E"]
[PlyCount "144"]
[EventDate "2002.06.20"]
[EventType "tourn"]
[EventRounds "9"]
[EventCountry "NED"]
[EventCategory "13"]
[SourceTitle "CBM 090"]
[Source "ChessBase"]
[SourceDate "2002.09.20"]
[SourceVersion "1"]
[SourceVersionDate "2002.09.20"]
[SourceQuality "1"]

1. e4 e5 2. Nf3 Nc6 3. d4 exd4 4. Nxd4 Bc5 5. Nxc6 Qf6 6. Qd2 dxc6 7. Nc3 Qe7 {
This move was introduced by Morozevich in 1998.} 8. Qg5 $1 Nf6 (8... Bd4 {
- see the game Van der Wiel,J-Korneev,O/Elgoibar 1998/CBM 69 [Mikhalevski,V]})
9. Be3 Bd6 (9... Bb4 $6 {is not recommended due to} 10. e5 $1 {- see the game
Nataf,I-Kharitonov,A/MK Cafe Cup 1999/CBM 73 [Mikhalevski,V]}) 10. Bd4 (10. Be2
$146 {- see the game Motylev,A-Ivanchuk,V/FIDE GP Moscow rapid 2002/CBM 90 
[Postny]}) 10... O-O $146 (10... Rg8 $5 {- was in the game Mellado Trivino,
J-Korneev,O/Elgoibar 1998/CBM 69 [Mikhalevski,V]}) 11. O-O-O h6 12. Qh4 Ng4 13.
Qxe7 Bxe7 14. f3 (14. f4 $142 $14) 14... Bg5+ 15. Kb1 Ne3 16. Re1 ({Comes into
consideration} 16. Rd3) 16... Nxf1 17. Rhxf1 Bf4 {A provocative move.} ({
More accurate is} 17... Be7) 18. Ne2 $1 (18. g3 Bd6 19. e5 Bb4 $11 {following
by the capture of Nc3, and after that black will blockade white's kingside PP
on white squares.}) 18... Bd6 19. e5 {As a result of black's inaccuracy on
move 17, white is advancing his pawn majority with tempo.} Be7 20. f4 c5 21.
Be3 b6 22. f5 Re8 23. Nf4 $2 {A very careless move, which actually loses a
pawn.} ({The right move was} 23. Nc3 $14) {[%tqu "En","Find the way to black's
advantage.","","","e7d8","",10,"c8f5","",0]} 23... Bd8 $1 {[%csl Re5,Rf5]} (
23... Bxf5 24. Nd5 Bh4 25. Nxc7 (25. g3 $2 Rxe5 26. Nxc7 Rc8 $17) 25... Bxe1
26. Nxa8 $11) 24. Nh5 $2 ({Necessary was} 24. e6 fxe6 25. Nxe6 Bxe6 26. fxe6
Rxe6 27. Bf4 Rxe1+ 28. Rxe1 Kf7 $15 29. Rd1 {White retains reasonable drawing
chances.}) 24... Ba6 $1 $19 {This simple intermediate move was probably
overlooked by Van der Wiel.} 25. Rg1 Rxe5 26. Bxh6 $5 {An interesting tactical
possibility, but insufficient.} (26. Nxg7 Rxe3 27. Rxe3 Kxg7 $19) (26. g4 Bh4
27. Ng3 Rae8 28. Bf2 Be2 {and black is totally dominating.}) 26... Rxe1+ 27.
Rxe1 gxh6 28. Re8+ Kh7 29. Nf6+ Bxf6 ({Black can not save the whole piece:} 
29... Kg7 30. Nh5+ Kh7 31. Nf6+) 30. Rxa8 Bf1 31. Rxa7 Be5 {White can not
organize the passed pawn on the queenside and his kingside PP will fall sooner
or later.} 32. g3 Kg7 ({Less accurate is} 32... Bh3 33. a4 Bxf5 34. a5 bxa5 35.
Rxa5 Bd6 36. b4 {[%csl Rf5]}) 33. a4 Kf6 34. a5 bxa5 35. Rxa5 Bd6 36. Kc1 Bh3
37. Kd2 Bxf5 38. c3 Kg5 {The position is obviously technically won for black,
but the win requires a lot of patience from black.} 39. Ke3 h5 (39... Kg4 40.
Ra4+) 40. Kf3 Bg4+ 41. Kg2 f5 42. Ra8 Bd1 {Transfering the light-squared B to
the long diagonal.} 43. Rh8 Bb3 44. Kf2 Bd5 45. Rh7 c4 46. Rg7+ Kf6 47. Rh7 Kg6
48. Rd7 Bc5+ 49. Ke2 c6 {Black has elegantly switched the pawn support from
his dark-squared B on d6 to the light-squared B on d5.} 50. Rd8 Kg5 51. Rd7 Bg1
52. h4+ {Finally black managed to provoke another pawn weakness in white's
camp.} Kg4 {From now on the winning technic is going to be much easier for
black.} 53. Rg7+ Kh3 54. Rg5 Kg2 $1 55. Rxf5 Be6 ({It's never to late to spoil
any kind of position! For example here the obvious} 55... Kxg3 $2 {would be a
terrible mistake, throwing away the win in view of} 56. Rg5+ $1) 56. Rf6 Bg4+
57. Kd2 c5 58. Rf4 Kxg3 59. Rxc4 Kxh4 60. b4 cxb4 61. cxb4 {This pawn is
white's last ray of hope, but black ruthlessly stamps it out.} Kg3 62. Ke1 Bf2+
63. Kf1 Bh3+ 64. Ke2 Bd7 {preventing the advance of the white P.} 65. Rc7 Bb5+
66. Kd2 h4 67. Rg7+ Kf3 68. Rf7+ Kg2 69. Rf5 Bd7 70. Rg5+ Bg3 71. b5 h3 72. b6
Bc6 {A nice performance by the black BB.} 0-1

[Event "Vera m g/1h+25s"]
[Site "Vera"]
[Date "2004.07.10"]
[Round "3"]
[White "Vallejo Pons, Francisco"]
[Black "Kortschnoj, Viktor Lvovich"]
[Result "1-0"]
[WhiteElo "2679"]
[BlackElo "2568"]
[Annotator "Postny,E"]
[PlyCount "109"]
[EventDate "2004.07.09"]
[EventType "match"]
[EventRounds "6"]
[EventCountry "ESP"]
[SourceTitle "CBM 102"]
[Source "ChessBase"]
[SourceDate "2004.09.23"]
[SourceVersion "1"]
[SourceVersionDate "2004.09.23"]
[SourceQuality "1"]

1. e4 e5 2. Nf3 Nc6 3. d4 exd4 4. Nxd4 Nf6 5. Nxc6 bxc6 6. e5 Ne4 {A rare
continuation, which should not be sufficient for equality.} ({The main line
goes with} 6... Qe7 7. Qe2 Nd5) 7. Nd2 {More aggressive move is 7.Qf3.} (7. Qf3
Ng5 8. Qh5 (8. Qg3 Be7 9. Nc3 O-O 10. Bd3 f5 11. Bxg5 Bxg5 12. h4 Bh6 13. f4
$14 {1-0 Nisipeanu,L-Kazhgaleyev,M/France 2000/EXT 2001 (45)}) 8... Ne6 9. Bd3
g6 10. Qe2 Bg7 11. f4 O-O 12. Be3 f6 13. f5 gxf5 14. Bxf5 Qe8 15. Qc4 fxe5 16.
Bxe6+ Qxe6 17. Qxe6+ dxe6 18. Nd2 $14 {1-0 Macieja,B-Gabriel,C/Germany 2002/
EXT 2003 (71)}) 7... Nxd2 {In my opinion, after the exchange of knights it
will be easier for white to emphasize the defects in black's pawnstructure.} (
7... Nc5 $142 {--> 1/2-1/2 Sedlak,N-Radulski,J/Stara Pazova 2001/CBM 82 
[Postny,E] (28)}) 8. Bxd2 d5 (8... Qh4 9. Bd3 Bc5 10. O-O O-O 11. Kh1 d6 12.
Re1 g6 13. Re4 Qd8 14. Bh6 Re8 15. exd6 Bxd6 16. Bg5 Qd7 17. Qe2 Bb7 18. Re1
$16 {1/2-1/2 Zubarev,A-Ovsejevitsch,S/Ordzhonikidze 2001/CBM 86 (47)}) (8...
Be7 9. Qg4 g6 10. Bh6 Rb8 11. O-O-O d5 12. Qg3 Be6 13. h4 Rb4 14. Qc3 c5 $13 {
1/2-1/2 Minasian,A-Kaidanov,G/Yerevan 1996/EXT 97 (49)}) 9. Bd3 Qh4 (9... Be6
10. O-O Qd7 11. f4 Bc5+ 12. Kh1 $14 {1-0 Zelcic,R-Baumegger,S/Portoroz 1998/
EXT 99 (54)}) 10. O-O Bc5 11. c4 $1 $146 {White is putting immediate pressure
on black's queenside pawns. Other moves, that appeared in practice promise
white less, than the move in the text.} O-O (11... dxc4 $2 12. Qa4 $16) 12. Rc1
{[%cal Gc1c7]} Bd4 13. Bc3 {Exchanging black's active bishop.} Bxc3 (13... Bb6
14. b4 $16 {[%csl Rb6]}) 14. Rxc3 Be6 15. f4 {White has stable advantage due
to black's queenside weaknesses.} ({Dubious is} 15. cxd5 $6 Bxd5 {[%csl Gd5]})
15... Rad8 16. c5 $1 {This is the most practical decision. Closing the centre,
white prevents black's possible counterplay through the "d" file.} Rb8 17. Qd2
f6 $6 {This move can be considered as a blunder, on the other hand, it's very
hard to suggest any reasonable plan for black.} 18. f5 {Black can not allow
white to build the pawn chain f5-e6, so the following piece sacrifice is
practically forced.} Qd4+ 19. Rf2 fxe5 20. fxe6 e4 21. Ba6 $1 {The best place
for the bishop.} Qe5 (21... Qxf2+ 22. Qxf2 Rxf2 23. Kxf2 Rxb2+ 24. Ke3 Kf8 (
24... Rxa2 25. Bb7 $18) 25. Ra3 $18 {[%cal Ga6c8]}) 22. Rb3 Rbe8 23. Qc3 Qxe6
24. Rxf8+ Rxf8 25. Qd4 Qf5 {Black's compensation for the piece is clearly
insufficient, but it's not so easy for white to convert his advantage into a
full point.} 26. Rg3 Rf6 27. h3 h6 28. b4 Qf4 29. Rc3 Qg5 30. Be2 Kh7 31. a4 ({
More precisely was} 31. g3 {[%cal Yh3h4,Yg1g2]}) 31... Qh4 32. Rc1 Rg6 33. Qf2
$2 {Did white just blunder the "h" pawn?} ({Simple and good was} 33. Bg4 $18)
33... Qxh3 {Now black has already three pawns for the piece, so the position
becomes unclear.} 34. Bf1 Rg5 35. b5 $6 {White got carried away a little bit.}
(35. Qd4 $6 Qg3 $132 {[%cal Gg5h5]}) (35. Qd2 $5) 35... Qa3 36. Rd1 Qxa4 37.
Qd4 Qc2 $5 {Kortschnoj decided to keep the queens on the board. It's very hard
to evaluate the arised position, but it should be approximately equal...} ({
The endgame after} 37... cxb5 38. Qxa4 bxa4 {should end in a draw.}) 38. bxc6
Rf5 {Threatening 39...e3.} 39. Ra1 a5 40. Bb5 Qb3 41. Be2 a4 $6 {There was no
reason to give this pawn so fast.} (41... Qg3 $1 42. Rf1 Rg5 43. Rf2 Qb3 $132 {
[%csl Ga5][%cal Ga5a4]}) 42. Rxa4 Qb1+ 43. Qd1 Qb2 44. Ra1 $2 ({Much stronger
was} 44. Rd4 Rg5 45. Qd2 $16) 44... Qc3 {Now black is capturing a pawn, and it
will be again three pawns for the piece.} 45. Bg4 Qxc5+ 46. Kh1 Rg5 47. Rc1 Qe3
{White did not manage to block black's central pawns, however, white is hoping
to organize an attack against the black king, after all, he has an extra piece!
} 48. Bh3 d4 ({Comes to consideration} 48... Rh5 $5) 49. Qf1 h5 $4 {The final
slip in the time-trouble.} (49... d3 $2 50. Re1 Qd4 51. Qf4 $16) (49... Qg3 $1
50. Qf7 Qe5 51. Rf1 Rh5 52. Rf5 Rxh3+ 53. gxh3 Qg3 $11) 50. Re1 {That's it.
Black is losing the most important Pe4 and the game.} Qd2 51. Bf5+ Kh6 52. Rxe4
d3 53. Re6+ g6 54. Bxd3 Qb4 55. Qf6 1-0

[Event "EU-ch 4th"]
[Site "Istanbul"]
[Date "2003.05.31"]
[Round "2"]
[White "Rublevsky, Sergei"]
[Black "Marcelin, Cyril"]
[Result "1-0"]
[WhiteElo "2670"]
[BlackElo "2503"]
[Annotator "Postny,E"]
[PlyCount "69"]
[EventDate "2003.05.30"]
[EventType "swiss"]
[EventRounds "13"]
[EventCountry "TUR"]
[SourceTitle "CBM 096"]
[Source "ChessBase"]
[SourceDate "2003.09.25"]
[SourceVersion "1"]
[SourceVersionDate "2003.09.25"]
[SourceQuality "1"]

1. e4 e5 2. Nf3 Nc6 3. d4 exd4 4. Nxd4 Bc5 5. Nxc6 Qf6 6. Qd2 dxc6 7. Nc3 Bd4
8. Bd3 (8. Bc4 {- see the game Kasimdzhanov,R-Tkachiev,V/FIDE Wch-2000/CBM 81 
[Postny]}) 8... Ne7 9. O-O Ng6 10. Qe1 $5 {This is a new idea of Rublevsky.
Earlier, white played here automatically 10.Kh1, including Rublevsky himself.}
Ne5 11. Be2 (11. Be3 $6 Bh3 12. Kh1 Bxg2+ 13. Kxg2 Qf3+ 14. Kg1 Qg4+ $11) 11...
g5 12. Kh1 Ng6 13. Bc4 Be5 $6 {Wasting important tempo.} ({More logical seems
to me} 13... Be6 {with approximately equal chances.}) 14. Be3 $146 (14. Ne2 Nf4
15. f3 b5 16. Bd3 a6 17. a4 Bb7 18. Bxf4 gxf4 19. c4 Rd8 20. Rd1 bxa4 21. Qb4
Bc8 22. Bc2 Rd6 23. Bxa4 O-O 24. Rxd6 cxd6 25. Bxc6 $16 {0-1 Rublevsky,
S-Makarov,M/TCh-RUS, Togliatti RUS 2003 (46)}) 14... Nf4 {I don't think, that
black should hurry with this move.} ({Comes into consideration} 14... Be6 15.
Bxe6 fxe6 16. Rd1 Bxc3 17. bxc3 O-O $13) 15. f3 Be6 16. Bxe6 Nxe6 (16... fxe6
17. Rd1 {preventing black's long castling.}) 17. Rd1 {Now black has problems
with his king, since it can not castle queenside, and the centre or kingside
are certainly not safe as well.} b6 ({The exchange} 17... Bxc3 18. bxc3 {
will not solve black's problems.}) 18. Ne2 $1 Rd8 ({Very dangerous for black is
} 18... Bxb2 19. c3 Ba3 20. f4 $40) (18... c5 19. b4 $16) 19. Qb4 $16 a5 (19...
c5 20. Qa4+ Ke7 21. c3 a5 22. Rd5 $16) 20. Qc4 O-O 21. Qxc6 Bxb2 22. c3 Qe5 (
22... Rxd1 23. Rxd1 Rd8 24. Rd5 Qe7 25. Qb5 Rxd5 26. exd5 Ng7 27. Bxb6 cxb6 28.
Qxb2 $16) 23. h3 $6 ({More tempting was} 23. Qc4 Ba3 24. Bd4) 23... Ba3 24. Bd4
Nxd4 $6 {This exchange strentghens white's centre and leaves black with no
counterplay at all.} (24... Qd6 {was the least of the evils.}) 25. cxd4 Qd6 26.
Qb5 {White has got all the benefits from the position, while black has
permanent weaknesses on the kingside and his pieces are badly coordinated.} h6
({A bit more stubborn was} 26... Qg6) 27. f4 Qe6 28. Qd3 $1 {White chooses the
safest way.} (28. fxg5 $6 Qxe4 {could lead to unnecessary complications.})
28... Be7 29. f5 Qc6 30. Rc1 Qd6 31. Qc4 Rc8 32. e5 Qb4 33. Qc2 f6 $2 {A
blunder in a lost position.} (33... Qb5 $142 34. f6 $18) 34. Rb1 Qa3 35. Rf3 {
[%csl Ra3] Black's queen is trapped.} 1-0

[Event "EU-ch 4th"]
[Site "Istanbul"]
[Date "2003.06.03"]
[Round "5"]
[White "Nataf, Igor Alexandre"]
[Black "Beliavsky, Alexander G"]
[Result "0-1"]
[WhiteElo "2559"]
[BlackElo "2649"]
[Annotator "Postny,E"]
[PlyCount "98"]
[EventDate "2003.05.30"]
[EventType "swiss"]
[EventRounds "13"]
[EventCountry "TUR"]
[SourceTitle "CBM 096"]
[Source "ChessBase"]
[SourceDate "2003.09.25"]
[SourceVersion "1"]
[SourceVersionDate "2003.09.25"]
[SourceQuality "1"]

1. e4 e5 2. Nf3 Nc6 3. d4 exd4 4. Nxd4 Bc5 5. Nxc6 Qf6 6. Qd2 dxc6 7. Nc3 Bd4 {
Thanks to Tkachiev's efforts this line became fashionable.} 8. Bc4 ({More
popular continuation is} 8. Bd3) 8... Be6 {This is logical way of development.
Black i preparing queenside castling.} ({Another common alternative is:} 8...
Nh6 9. h3 (9. O-O Ng4 {- see the commented game Kasimdzhanov,R-Tkachiev,V/
FIDE-Wch 2000/CBM 81 [Postny]}) 9... Be6 10. Bxe6 fxe6 11. Nd1 O-O-O 12. Qe2 g5
13. c3 Bb6 14. Be3 Nf7 15. Bxb6 axb6 16. Ne3 h5 17. Rd1 Rxd1+ 18. Kxd1 Qf4 19.
Nc4 b5 20. Nd2 Ne5 21. Kc2 h4 22. f3 Rd8 23. Rd1 b6 24. Nf1 Rxd1 25. Kxd1 Kd7 {
1/2-1/2 Nataf,I-Aronian,L/Aeroflot op, Moscow 2003 (25)}) 9. Bxe6 fxe6 10. O-O
$6 $146 (10. Nd1 {This is the best continuation available for white.} O-O-O 11.
Qe2 Ne7 12. c3 Bb6 13. a4 Ng6 14. a5 Bc5 15. a6 b5 16. O-O Rhf8 17. b4 Bb6 18.
Ra2 Qe5 19. c4 bxc4 20. Qxc4 Rd4 21. Qxc6 Qxe4 22. Qxe4 Rxe4 $13 {1/2-1/2
Nouro,M-Norri,J/Helsinki 2000/EXT 2001 (38)}) 10... O-O-O {[%cal Gd4c3] Now
black is threatening to take on c3, after the exchange of queens he gets
pleasant prospects in the endgame, because of white's damaged pawn structure.
Therefore white must retreat with the queen...} 11. Qe2 $6 {White decided to
sacrifice a pawn for a very murky compensation.} (11. Qe1 Bxc3 12. bxc3 $15)
11... Bxc3 12. bxc3 Qxc3 13. Rb1 Nf6 14. f3 Rd4 $1 15. Qf2 (15. Bb2 Qd2 $17 ({
but not} 15... Rd2 $2 16. Bxc3 Rxe2 17. Rfc1 {[%csl Re2][%cal Gg1f1] and
black's rook is in danger.})) 15... Ra4 16. Rb3 Qc4 17. a3 Rf8 18. Re1 Ng4 19.
Qg3 Qc5+ 20. Kf1 Qxc2 $2 {It's hard to believe, but this obvious capture is a
mistake!} (20... h5 $1 21. h3 (21. Rd3 Qxc2 22. Rd2 Qc5) 21... Qxc2 22. Rb2
Ne3+ 23. Kg1 Qc3 24. f4 Nd1 $1 $19 {[%csl Rg3]}) 21. Rb2 Qd3+ (21... Ne3+ 22.
Kg1 Qc3 23. f4 {[%csl Yg3][%cal Yh2g3] Now the difference between this
variation and previous is clear. White's queen is defended and black has no
tricks like Nd1.}) 22. Kg1 Qd4+ 23. Kh1 {Suddenly black has some problems.
After the retreat of the knight, black's kingside pawns are falling.} Ne5 (
23... Nh6 $2 24. Rd2) 24. Rd2 (24. Qxg7 $2 Rd8 25. Rd2 Nd3 $17) 24... Qc5 (
24... Nd3 $2 25. Red1 Rc4 26. Bb2 $18) 25. Qxg7 b5 26. Qxh7 (26. Bb2 $6 Nc4 27.
Rc1 (27. Rd7 $2 Nxb2 28. Rxc7+ Kb8) 27... Kb7 28. Rd7 Rc8) 26... Kb7 27. Qh5 $6
{Certainly, not the best square for the queen.} ({Better was} 27. Qg7 $14)
27... Rd4 28. f4 $2 {This move ruins white's pawn chain.} (28. Qg5 {and white
is at least not worse.}) 28... Rxd2 29. Bxd2 Qd4 30. Qxe5 (30. Be3 Qc3 $17)
30... Qxd2 31. Rf1 Qd3 32. Re1 Qxa3 33. f5 (33. Qxe6 Rxf4 $19) 33... Qb4 34.
Rf1 Qc4 {[%csl Gc4] The best place for black's queen.} 35. Kg1 exf5 36. exf5 a5
{The the forthcoming race black has the upper hand, mainly thanks to safer
defense of his king, compared to his counterpart.} 37. f6 a4 38. h3 a3 39. g4
b4 40. g5 b3 {Black has just one more tempo and this is crucial enough to
decide the outcome of the game in his favour.} 41. g6 b2 42. Re1 (42. g7 Qxf1+
43. Kxf1 b1=Q+ $19) 42... Qb3 43. g7 Rd8 44. f7 Qxf7 45. Qc3 Qg6+ 46. Kh2 b1=Q
{The rest is easy.} 47. Rxb1+ Qxb1 48. Qxa3 Rd2+ 49. Kg3 Rd3+ 0-1